| 000 | 00680nam a2200157 a 4500 | ||
|---|---|---|---|
| 008 | 120416s2003 ||||||||||||||||| || u | ||
| 050 | _aUNCTAD(02) | ||
| 110 | _aUnited Nations Conference on Trade and Development (UNCTAD) | ||
| 245 | 1 | 0 |
_aInvestment policy review : Lesotho _cby United Nations Conference on Trade and Development (UNCTAD) |
| 260 |
_aNew York: _bUNITED NATIONS _c2003 |
||
| 300 | _ax, 98p.: ill. | ||
| 350 | _a0.00 | ||
| 650 | _aINVESTMENTS, FOREIGN --LESOTHO | ||
| 650 | _aLESOTHO --ECONOMIC POLICY | ||
| 995 |
_D0.00 _FCBU-MAIN LIBRARY (Kitwe) _H1 _I0.00 _M1 _UAVAILABLE _WJan 13, 2010 _ZInternational Publications |
||
| 999 |
_c48311 _d48311 |
||